Управление самостоятельной работой студентов-заочников в межсессионный период (Запись № 1228177)

Подробности
000 -МАРКЕР
контрольное поле 03676nam0a2200433 4500
001 - ИДЕНТИФИКАТОР ЗАПИСИ
контрольное поле RU\NLR\bibl\819916
005 - ИДЕНТИФИКАТОР ВЕРСИИ
контрольное поле 20260405080855.0
021 ## - НОМЕР ГОСУДАРСТВЕННОЙ РЕГИСТРАЦИИ
Код страны Российская Федерация
Номер 2005-13967
Номер Листа государственной регистраци 710
035 ## - ДРУГИЕ СИСТЕМНЫЕ НОМЕРА
Идентификатор записи RSL-KNO-002581340
035 ## - ДРУГИЕ СИСТЕМНЫЕ НОМЕРА
Идентификатор записи (NLR Aleph) 000808832
100 ## - ДАННЫЕ ОБЩЕЙ ОБРАБОТКИ
Данные общей обработки 20050314d2004 |||y0rusy50 ca
101 0# - ЯЗЫК РЕСУРСА
Язык текста, звукозаписи и т.д. русский
102 ## - СТРАНА ПУБЛИКАЦИИ ИЛИ ПРОИЗВОДСТВА
Страна публикации Российская Федерация
105 ## - ПОЛЕ КОДИРОВАННЫХ ДАННЫХ: ТЕКСТОВЫЕ МАТЕРИАЛЫ, МОНОГРАФИЧЕСКИЕ
Кодированные данные о монографическом текстовом документе a |||||||||
106 ## - ПОЛЕ КОДИРОВАННЫХ ДАННЫХ: ТЕКСТОВЫЕ РЕСУРСЫ – ФОРМА
Форма ресурса: кодированные данные: обозначение носителя r
200 1# - ЗАГЛАВИЕ И СВЕДЕНИЯ ОБ ОТВЕТСТВЕННОСТИ
Основное заглавие Управление самостоятельной работой студентов-заочников в межсессионный период
Сведения, относящиеся к заглавию учеб.-метод. пособие для преподавателей вузов, обучающих студентов заоч. формы обучения с.-х. спец.
Первые сведения об ответственности Л.Ю. Киселев, М.В. Кузьмин, А.Н. Батищев [и др.]
Последующие сведения об ответственности [под ред. проф. М.В. Кузьмина]
-- М-во сел. хоз-ва Рос. Федерации, Деп. науч.-техн. политики и образования, Рос. гос. аграр. заоч. ун-т
210 ## - ПУБЛИКАЦИЯ, РАСПРОСТРАНЕНИЕ И ДР.
Место издания, распространения и т.д. М.
Имя издателя, распространителя и т. д. Изд-во РГАЗУ
Дата издания, распространения и т.д. 2004
215 ## - ФИЗИЧЕСКАЯ ХАРАКТЕРИСТИКА
Специфическое обозначение материала и объем 135 с.
Другие сведения о физической характеристике ил.
Размеры 21
300 ## - ОБЩИЕ ПРИМЕЧАНИЯ
Текст примечания На 135-й с. авт.: Л.Ю. Киселев - засл. деят. науки Рос. Федерации, М.В. Кузьмин - проф., чл.-корр. Междунар. акад. аграр. образования, А.Н. Батищев - проф., засл. деят. науки Рос. Федерации
320 ## - ПРИМЕЧАНИЯ О НАЛИЧИИ В ДОКУМЕНТЕ БИБЛИОГРАФИИ / УКАЗАТЕЛЯ
Текст примечания Библиогр.: с. 122-123 (31 назв.)
606 1# - НАИМЕНОВАНИЕ ТЕМЫ КАК ПРЕДМЕТ
Наименование темы Высшие сельскохозяйственные учебные заведения
Формальный подзаголовок Методические пособия
Тематический подзаголовок Заочное обучение
Системный номер авторитетной/нормативной записи 2119607
Идентификатор авторитетной/нормативной записи RU\NLR\AUTH\661583696
610 0# - НЕКОНТРОЛИРУЕМЫЕ ПРЕДМЕТНЫЕ ТЕРМИНЫ
Предметный термин Культура. Наука. Просвещение -- Народное образование. Педагогические науки -- Высшее образование. Педагогика высшей школы -- Педагогика высшей школы -- Российская Федерация -- Дидактика -- Организационные формы обучения -- Самостоятельная работа студентов -- Учебно-методическое пособие для повышения квалификации
610 0# - НЕКОНТРОЛИРУЕМЫЕ ПРЕДМЕТНЫЕ ТЕРМИНЫ
Предметный термин Культура. Наука. Просвещение -- Народное образование. Педагогические науки -- Высшее образование. Педагогика высшей школы -- Педагогика высшей школы -- Российская Федерация -- Обучение без отрыва от производства -- Заочное образование -- Учебно-методическое пособие для повышения квалификации
686 ## - ИНДЕКСЫ ДРУГИХ КЛАССИФИКАЦИЙ
Индекс Ч481,6(2)267я77-14
Код системы
686 ## - ИНДЕКСЫ ДРУГИХ КЛАССИФИКАЦИЙ
Индекс Ч481,6(2)63я77-14
Код системы
686 ## - ИНДЕКСЫ ДРУГИХ КЛАССИФИКАЦИЙ
Индекс Ч488.84(2)763
701 #1 - ИМЯ ЛИЦА - АЛЬТЕРНАТИВНАЯ ОТВЕТСТВЕННОСТЬ
Код отношения Автор
Материалы, к которым относится поле rus
Графика поля Кириллица
Начальный элемент ввода Киселев
Часть имени, кроме начального элемента ввода Л.Ю.
Дополнения к именам, кроме дат д-р с.-х. наук
Расширение инициалов личного имени Леонид Юрьевич
Идентификатор авторитетной/нормативной записи RU\NLR\auth\7727942
Системный номер авторитетной/нормативной записи 10973
701 #1 - ИМЯ ЛИЦА - АЛЬТЕРНАТИВНАЯ ОТВЕТСТВЕННОСТЬ
Код отношения Автор
Материалы, к которым относится поле rus
Графика поля Кириллица
Начальный элемент ввода Кузьмин
Часть имени, кроме начального элемента ввода М.В.
Дополнения к именам, кроме дат д-р техн. наук, сельс. хоз-во
Расширение инициалов личного имени Мстислав Витальевич
Идентификатор авторитетной/нормативной записи RU\NLR\auth\7727945
Системный номер авторитетной/нормативной записи 10976
701 #1 - ИМЯ ЛИЦА - АЛЬТЕРНАТИВНАЯ ОТВЕТСТВЕННОСТЬ
Начальный элемент ввода Батищев
Часть имени, кроме начального элемента ввода А. Н.
Расширение инициалов личного имени Алексей Никифорович
Код отношения Автор
702 #1 - ИМЯ ЛИЦА - ВТОРИЧНАЯ ОТВЕТСТВЕННОСТЬ
Начальный элемент ввода Кузьмин
Часть имени, кроме начального элемента ввода М. В.
Код отношения Редактор
801 #0 - ИСТОЧНИК ЗАПИСИ
Страна Российская Федерация
Организация RuMoRKP
Дата составления 20050314
Правила каталогизации rcr
801 #1 - ИСТОЧНИК ЗАПИСИ
Страна Российская Федерация
Организация RuMoRGB
Дата составления 20050314
801 #2 - ИСТОЧНИК ЗАПИСИ
Страна Российская Федерация
Организация NLR
Дата составления 20050714
Правила каталогизации PSBO
830 ## - ОБЩЕЕ ПРИМЕЧАНИЕ, СОСТАВЛЕННОЕ КАТАЛОГИЗАТОРОМ
Текст примечания 1-й, 3-й авт. по эк, 2-го нераскрыть
942 ## - ДОПОЛНИТЕЛЬНЫЕ ЭЛЕМЕНТЫ ЗАПИСИ (АБИС)
Тип экземпляра АБИС Книга
980 ## - КОЛЛЕКЦИЯ
Название коллекции Национальная библиография
Экземпляры
Тип экземпляра Дата поступления Источник поступления Библиотека постоянного хранения Библиотека текущего хранения Место хранения Шифр хранения Штрих-код Статус экземпляра
Книга 14.07.2005 Обязательный экземпляр РНБ (Московский) РНБ (Московский) Русский книжный фонд: издания с 1957 года 2005-3/18825 956901  
Книга 14.07.2005 Обязательный экземпляр РНБ (Московский) РНБ (Московский) Русский книжный фонд: издания с 1957 года 2005-3/18825 956904